| 000 | 00538nam a22001817a 4500 | ||
|---|---|---|---|
| 999 |
_c524144 _d524144 |
||
| 003 | NUST | ||
| 020 | _a978-969-472-235-1 | ||
| 038 | _aabdul basit | ||
| 082 |
_a891.439092 _bSIR |
||
| 100 |
_aSiraj ud din, Aslam _914970 |
||
| 245 |
_aPakistani adab kay mamar / _cAslam Siraj ud din |
||
| 260 |
_aIslamabad : _bPakistan academy of letters, _c2010 |
||
| 300 | _a345 p. ; | ||
| 500 | _aPapercover. | ||
| 880 |
_6100-02\r _aاسلم سراج الدین |
||
| 880 |
_6245-02\r _aپاکستانی ادب کے معمار / |
||
| 942 |
_2ddc _cBK |
||